Cada forma de país de la UE - Estadísticas

Estadísticas generales
  • Esta prueba ha sido intentada 40 veces
  • La puntuación promedio es 22 de 27
Estadísticas de respuestas
Imagen Respuesta % Correcto
Alemania
100%
Croacia
100%
España
100%
Francia
100%
Grecia
97%
Italia
97%
Chipre
95%
Portugal
95%
Austria
92%
Finlandia
92%
Suecia
92%
Irlanda
89%
Dinamarca
86%
Polonia
86%
Eslovaquia
76%
Bélgica
73%
Hungría
73%
Malta
73%
Países Bajos
73%
Estonia
70%
Eslovenia
68%
República Checa
68%
Rumania
68%
Bulgaria
65%
Letonia
65%
Lituania
62%
Luxemburgo
54%
No se encontraron pruebas coincidentes
Distribución de puntuación
Porcentaje de gente con cada puntuación
Porcentaje por número respondido
Historial de tus puntuaciones
No has intentado esta prueba.